000 00864nam a22002417a 4500
999 _c19194
_d19194
003 AR-CdUCM
008 190516b ||||| |||| 00| 0 spa d
040 _aMUNICIPALIDAD PROVINCIAL DEL CUSCO
_cBIBLIOTECA MUNICIPAL DEL CUSCO
082 _a848.97 /
_bAR66
100 _aAragon, Louis
_926204
245 _aLa semana Santa /
260 _aMéxico : :
_bGrijalbo,
_c1960.
300 _a637 paginas ;
_c21 cm.
500 _aTitulo original : La semaine Sainte
505 _aContenido :La mañana del Domingo de Ramos -- Cuatro vistas de París -- El Palais Royal iluminado -- La despedida de medianoche -- Saint-Denis...
650 _aSemana Santa
_940385
650 _aVaticano
_932442
650 _aDomingo de Ramos
_940386
650 _aPascua
_940387
700 _aBartra, Agusti (Traducción)
_940388
942 _2ddc
_cLIBROS
945 _awnts
_d2019-05-16